[Event "London Classic Superrapid"]
[Site "London ENG"]
[Date "2016.12.17"]
[Round "4.6"]
[White "Flear, Glenn C"]
[Black "Istratescu, Andrei"]
[Result "0-1"]
[WhiteTitle "GM"]
[BlackTitle "GM"]
[WhiteElo "2428"]
[BlackElo "2596"]
[WhiteFideId "400165"]
[BlackFideId "1200372"]
[EventDate "2016.12.17"]

1. d4 Nf6 2. c4 e6 3. Nf3 Bb4+ 4. Bd2 Qe7 5. g3 O-O 6. Bg2 Bxd2+ 7. Qxd2 d6 8.
Nc3 e5 9. O-O c6 10. e4 Na6 11. Rad1 Bg4 12. h3 Bxf3 13. Bxf3 Qe6 14. dxe5 dxe5
15. Qd6 Qxd6 16. Rxd6 Rfd8 17. Rfd1 Rxd6 18. Rxd6 Kf8 19. h4 Nc5 20. Rd2 h6 21.
Bg2 Ke7 22. Kf1 g5 23. hxg5 hxg5 24. f3 a5 25. Kf2 a4 26. a3 Ne8 27. Nd1 Nd6 28.
Ne3 Ra6 29. Ke2 Nb3 30. Rd1 Rb6 31. Kf1 Nc5 32. Rd2 Rb3 33. Ke2 Rxe3+ 34. Kxe3
Nxc4+ 35. Ke2 Nxd2 36. Kxd2 Kd6 37. Ke3 Ne6 38. Bh3 Kc5 39. Bxe6 fxe6 40. Kd3 b6
41. Kc3 b5 42. g4 b4+ 43. axb4+ Kb5 0-1

[Event "London Classic Superrapid"]
[Site "London ENG"]
[Date "2016.12.17"]
[Round "4.7"]
[White "Smirin, Ilia"]
[Black "Karthikeyan, P."]
[Result "1-0"]
[WhiteTitle "GM"]
[BlackTitle "IM"]
[WhiteElo "2669"]
[BlackElo "2474"]
[WhiteFideId "2801990"]
[BlackFideId "5018226"]
[EventDate "2016.12.17"]

1. e4 e5 2. Nf3 Nc6 3. Bb5 a6 4. Ba4 Nf6 5. O-O Be7 6. Re1 b5 7. Bb3 d6 8. c3
O-O 9. d3 Bb7 10. Nbd2 d5 11. exd5 Nxd5 12. Nxe5 Nxe5 13. Rxe5 Nf4 14. Nf3 Ng6
15. Re1 c5 16. Be3 Bd6 17. Ng5 Nf4 18. Qg4 c4 19. dxc4 Nxg2 20. c5 Be7 21. Nxf7
Rxf7 22. Bd4 Bf6 23. c6 Bxc6 24. Bxf7+ Kh8 25. Bxf6 gxf6 26. Re8+ Qxe8 27. Bxe8
Rxe8 28. Kf1 Be4 29. Rd1 f5 30. Qg5 1-0

[Event "London Classic Superrapid"]
[Site "London ENG"]
[Date "2016.12.17"]
[Round "4.8"]
[White "Mortazavi, Ali"]
[Black "Safarli, Eltaj"]
[Result "0-1"]
[WhiteTitle "IM"]
[BlackTitle "GM"]
[WhiteElo "2353"]
[BlackElo "2691"]
[WhiteFideId "401323"]
[BlackFideId "13402129"]
[EventDate "2016.12.17"]

1. e4 e5 2. Nf3 Nc6 3. Bc4 Bc5 4. c3 Nf6 5. d3 d6 6. Bb3 h6 7. Nbd2 O-O 8. h3
Be6 9. Bc2 a6 10. Nf1 d5 11. Qe2 b5 12. Ng3 dxe4 13. Nxe4 Nxe4 14. Qxe4 Bd5 15.
Qe2 Re8 16. O-O e4 17. Nh2 exd3 18. Qxd3 Be4 19. Qxd8 Raxd8 20. Bxe4 Rxe4 21.
Nf3 Re2 22. Bf4 Rxb2 23. Bxc7 Rd3 24. a4 Rxc3 25. axb5 axb5 26. Ra8+ Kh7 27. Ne5
Nxe5 28. Bxe5 Rxf2 29. Rxf2 Rc1+ 30. Kh2 Bxf2 31. Rb8 Rc5 32. Bd6 Rd5 33. Bc7
Bd4 34. g4 h5 35. Kg3 hxg4 36. Kxg4 Be5 37. Bxe5 Rxe5 38. h4 Kg6 39. Rb7 f6 40.
Kg3 Re3+ 41. Kg4 Rb3 42. h5+ Kh7 43. Kf5 Rg3 44. Ke6 Rg5 45. Kf7 Kh6 46. Rb8
Kxh5 0-1

[Event "London Classic Superrapid"]
[Site "London ENG"]
[Date "2016.12.17"]
[Round "4.9"]
[White "Kilpatrick, Callum"]
[Black "Jones, Gawain C B"]
[Result "0-1"]
[WhiteTitle "FM"]
[BlackTitle "GM"]
[WhiteElo "2348"]
[BlackElo "2667"]
[WhiteFideId "414425"]
[BlackFideId "409561"]
[EventDate "2016.12.17"]

1. e4 c5 2. Nf3 d6 3. Bc4 Nc6 4. c3 Nf6 5. d3 g6 6. O-O Bg7 7. Bb3 O-O 8. Nbd2
e5 9. Re1 Be6 10. Nf1 Qd7 11. d4 Bxb3 12. axb3 exd4 13. cxd4 cxd4 14. Nxd4 Rfe8
15. Nxc6 Qxc6 16. f3 d5 17. exd5 Nxd5 18. Ne3 Qc5 19. b4 Nxb4 20. Kh1 Rad8 21.
Qa4 Nd3 0-1

[Event "London Classic Superrapid"]
[Site "London ENG"]
[Date "2016.12.17"]
[Round "4.11"]
[White "Hawkins, Jonathan"]
[Black "Fernandez, Daniel Howard"]
[Result "1-0"]
[WhiteTitle "GM"]
[BlackTitle "IM"]
[WhiteElo "2590"]
[BlackElo "2468"]
[WhiteFideId "412686"]
[BlackFideId "5801605"]
[EventDate "2016.12.17"]

1. d4 g6 2. c4 Bg7 3. Nc3 c5 4. Nf3 d6 5. e4 Nc6 6. d5 Nd4 7. Nxd4 Bxd4 8. Bd3
Bg7 9. O-O Nf6 10. h3 O-O 11. f4 e6 12. Qf3 a6 13. a4 Qc7 14. Bd2 exd5 15. exd5
Bf5 16. Bxf5 gxf5 17. Qd3 Qd7 18. a5 Rae8 19. Rae1 h5 20. Qc2 Kh7 21. Kh1 Kg6
22. Qd3 Kh7 23. Qg3 Bh8 24. Qf3 Kg6 25. Qg3+ Kh7 26. Qh4 Rg8 27. Ne2 Rg6 28. Ng3
Reg8 29. Re3 Qa4 30. b3 Qa2 31. Be1 Rh6 32. Re7 Qxb3 33. Rxf7+ Bg7 34. Rf3 Qb1
35. Re3 Ne4 36. Nxf5 Rf8 37. Rxg7+ Kh8 38. Nxh6 Kxg7 39. Qe7+ Kg6 40. Qxe4+ Qxe4
41. Rxe4 Kxh6 42. Re6+ Kh7 43. Bd2 Rd8 44. g4 hxg4 45. hxg4 Kg8 46. Kg2 Kf7 47.
g5 Rd7 48. Kf3 b5 49. axb6 Rb7 50. Rxd6 1-0

[Event "London Classic Superrapid"]
[Site "London ENG"]
[Date "2016.12.17"]
[Round "4.12"]
[White "Stephan, Axel"]
[Black "Ehlvest, Jaan"]
[Result "0-1"]
[BlackTitle "GM"]
[WhiteElo "2239"]
[BlackElo "2532"]
[WhiteFideId "4632834"]
[BlackFideId "4500016"]
[EventDate "2016.12.17"]

1. Nf3 d5 2. d4 c6 3. Bf4 Bg4 4. Ne5 Bf5 5. e3 Qb6 6. Qc1 Nf6 7. Nd2 e6 8. Bd3
Bxd3 9. Nxd3 Nbd7 10. O-O c5 11. c3 Be7 12. b4 cxd4 13. cxd4 O-O 14. Qb2 Rfc8
15. Rfc1 h6 16. h3 Ne4 17. Rab1 Nxd2 18. Qxd2 Qb5 19. Nc5 Nb6 20. Qd1 Nc4 21. a4
Qc6 22. Nd3 Qd7 23. Bg3 a6 24. Ra1 b6 25. Qe2 Qb7 26. Qa2 Bf8 27. Rc2 b5 28. a5
f6 29. Rac1 Re8 30. Qb3 Rad8 31. Rd1 e5 32. dxe5 fxe5 33. Re2 Qf7 34. Nc1 Rc8
35. Na2 Red8 36. Rde1 Kh8 37. Nc1 Qg6 38. Nd3 e4 39. Nc1 Be7 40. Rd1 Bf6 41. Qb1
Bc3 42. Na2 Be5 43. Bxe5 Nxe5 44. Rc2 Rc4 45. Rxc4 bxc4 46. Nc3 Nd3 47. b5 axb5
48. Nxb5 Rb8 0-1

[Event "London Classic Superrapid"]
[Site "London ENG"]
[Date "2016.12.17"]
[Round "4.13"]
[White "Nunn, John D M"]
[Black "Arkell, Keith C"]
[Result "1/2-1/2"]
[WhiteTitle "GM"]
[BlackTitle "GM"]
[WhiteElo "2600"]
[BlackElo "2447"]
[WhiteFideId "400017"]
[BlackFideId "400270"]
[EventDate "2016.12.17"]

1. e4 c6 2. d4 d5 3. e5 c5 4. dxc5 Nc6 5. Bb5 e6 6. Be3 Ne7 7. c3 Bd7 8. Bxc6
Bxc6 9. Nf3 Nf5 10. Bd4 Nxd4 11. Qxd4 b6 12. cxb6 axb6 13. O-O Bc5 14. Qg4 O-O
15. Nbd2 Ra4 16. Nd4 Qa8 17. a3 Bb5 18. Rfe1 Bd3 19. Rad1 Rc8 20. N2f3 Be4 21.
h4 Bxf3 22. Qxf3 Bxd4 23. Rxd4 Rxd4 24. cxd4 Qa4 25. Qd3 h5 26. g3 Qc2 27. Qa6
Rc6 28. Qa8+ Kh7 29. Qb7 Kg6 30. Kg2 Rc4 31. Re3 Qd1 32. Rf3 Rc1 33. Qxf7+ Kh6
34. Rf6+ 1/2-1/2

[Event "London Classic Superrapid"]
[Site "London ENG"]
[Date "2016.12.17"]
[Round "4.14"]
[White "Britton, Richard L"]
[Black "Moussard, Jules"]
[Result "0-1"]
[WhiteTitle "FM"]
[BlackTitle "GM"]
[WhiteElo "2139"]
[BlackElo "2571"]
[WhiteFideId "401692"]
[BlackFideId "642908"]
[EventDate "2016.12.17"]

1. e4 g6 2. d4 Bg7 3. Nc3 d6 4. Be3 a6 5. Qd2 b5 6. f3 Nd7 7. h4 h5 8. Nh3 Bb7
9. O-O-O Ngf6 10. Ng5 Qc8 11. Be2 Nb6 12. d5 c5 13. Rdf1 b4 14. Nd1 a5 15. f4
Ba6 16. f5 gxf5 17. Rxf5 Nxe4 18. Bxa6 Qxf5 19. Bb5+ Nd7 20. Qe1 Nxg5 21. Bxg5
Bf6 22. Bxf6 Qxf6 23. Rf1 Qe5 24. Ne3 Kd8 25. Rf5 Qe4 26. Bxd7 Kxd7 27. Qe2 c4
28. g3 Rac8 29. Rf4 Qe5 30. Qf3 b3 31. axb3 cxb3 32. c4 Rhg8 33. Nf5 Qe1+ 34.
Qd1 Qxd1+ 35. Kxd1 Rg4 36. Rf3 a4 37. Ne3 Rd4+ 38. Ke2 f6 39. Rf5 Rdxc4 0-1

[Event "London Classic Superrapid"]
[Site "London ENG"]
[Date "2016.12.17"]
[Round "4.15"]
[White "Hovhannisyan, Robert"]
[Black "Bellahcene, Bilel"]
[Result "1-0"]
[WhiteTitle "GM"]
[BlackTitle "IM"]
[WhiteElo "2630"]
[BlackElo "2496"]
[WhiteFideId "13302507"]
[BlackFideId "696358"]
[EventDate "2016.12.17"]

1. e4 c5 2. Nf3 d6 3. d4 cxd4 4. Nxd4 Nf6 5. Nc3 a6 6. Be2 e5 7. Nf3 Qc7 8. a4
Be7 9. O-O O-O 10. Bg5 Be6 11. Bxf6 Bxf6 12. Nd5 Bxd5 13. Qxd5 Nd7 14. c3 g6 15.
Nd2 Rad8 16. Nc4 Be7 17. Ne3 Bg5 18. Qc4 Qxc4 19. Nxc4 Nc5 20. f3 d5 21. exd5
Rxd5 22. a5 e4 23. Rad1 Rfd8 24. Rxd5 Rxd5 25. Rd1 Rxd1+ 26. Bxd1 f5 27. b4 Nd7
28. fxe4 fxe4 29. Nd6 e3 30. Nxb7 Bf6 31. c4 Bc3 32. b5 Bd4 33. Kf1 Kf8 34. Nd8
Ke8 35. Nc6 Bc5 36. bxa6 1-0

[Event "London Classic Superrapid"]
[Site "London ENG"]
[Date "2016.12.17"]
[Round "4.16"]
[White "Basman, Michael J"]
[Black "Shabalov, Alexander"]
[Result "0-1"]
[WhiteTitle "IM"]
[BlackTitle "GM"]
[WhiteElo "2313"]
[BlackElo "2563"]
[WhiteFideId "400505"]
[BlackFideId "2008572"]
[EventDate "2016.12.17"]

1. b4 e5 2. a3 g6 3. Bb2 Bg7 4. e3 d6 5. g4 Bd7 6. Bg2 Bc6 7. Bxc6+ Nxc6 8. Qf3
Nge7 9. Qg2 Qd7 10. Ne2 h5 11. g5 h4 12. h3 d5 13. d3 a5 14. b5 Nd8 15. a4 Ne6
16. Nd2 Rh5 17. f4 Nf5 18. Nf1 exf4 19. Bxg7 Rxg5 20. Qf3 Nfxg7 21. exf4 Rh5 22.
Ne3 Qd6 23. Ng4 O-O-O 24. O-O Nf5 25. Rf2 Ng3 26. Re1 Nxe2+ 27. Rexe2 Nd4 28.
Qe3 Nxe2+ 29. Rxe2 Kb8 30. Qd4 Rf5 31. Rf2 g5 32. fxg5 Qg3+ 33. Rg2 Qe1+ 34. Kh2
Rf1 35. Nf2 b6 36. c4 Qe6 37. c5 bxc5 38. Qxh4 c4 39. d4 Qd6+ 40. Qg3 Qxg3+ 41.
Kxg3 Re8 42. Ng4 Re4 43. Ne5 Kb7 44. Nc6 Rd1 45. Rf2 Rd3+ 46. Kg2 c3 47. Nxa5+
Kb6 48. Nb3 c2 49. Nc1 Rc3 50. Rxf7 Re1 51. Rf1 Rxf1 52. Kxf1 Rxh3 53. Ke2 Ka5
54. Kd2 Rh2+ 55. Kc3 Kxa4 56. g6 Rg2 57. g7 Kxb5 58. Nd3 Rxg7 59. Kxc2 0-1

[Event "London Classic Superrapid"]
[Site "London ENG"]
[Date "2016.12.17"]
[Round "4.17"]
[White "Svane, Rasmus"]
[Black "Schroeder, Jan-Christian"]
[Result "1-0"]
[WhiteTitle "GM"]
[BlackTitle "GM"]
[WhiteElo "2555"]
[BlackElo "2541"]
[WhiteFideId "4657101"]
[BlackFideId "24662259"]
[EventDate "2016.12.17"]

1. d4 d5 2. c4 e6 3. Nf3 Nf6 4. Nc3 Be7 5. g3 O-O 6. Bg2 Nbd7 7. b3 b6 8. cxd5
Nxd5 9. Nxd5 exd5 10. O-O Bb7 11. Bb2 Bd6 12. Rc1 Re8 13. Qc2 Qe7 14. e3 Nf8 15.
Rfd1 Rac8 16. Qf5 c6 17. Qd3 Ne6 18. Rc2 Rcd8 19. Rcc1 Rc8 20. h4 Rcd8 21. Qf5
a5 22. Qd3 Ra8 23. Qc2 Rac8 24. Qd3 Ra8 25. Nd2 c5 26. dxc5 Nxc5 27. Qd4 Qf8 28.
Nb1 Rad8 29. Qg4 Ne4 30. Bd4 Bc5 31. Bxc5 bxc5 32. Nd2 f5 33. Qe2 d4 34. Nxe4
Bxe4 35. Qc4+ Qf7 36. exd4 Bxg2 37. Kxg2 cxd4 38. Rxd4 Rxd4 39. Qxd4 h6 40. Qc4
Qxc4 41. Rxc4 Re2 42. a4 Rb2 43. Rc5 f4 44. gxf4 Rxb3 45. Rxa5 Rb4 46. Kf3 Kf7
47. h5 Kf6 48. Kg4 Rc4 49. Rf5+ Ke6 50. a5 Ra4 51. Re5+ Kf6 52. Rb5 g5 53. hxg6
Kxg6 54. Rb6+ Kg7 55. a6 Ra5 56. Rb7+ Kf6 57. Ra7 h5+ 58. Kg3 Rc5 59. Ra8 Rc7
60. a7 Rf7 61. Kh4 Kf5 62. f3 Kxf4 63. Kxh5 Kf5 64. Kh6 Kf6 65. f4 Kf5 66. Re8
Rxa7 67. Rf8+ Ke6 68. f5+ Ke7 69. Kg7 Ra5 70. f6+ Kd7 71. Rb8 Ra1 72. f7 Rg1+
73. Kh6 Rh1+ 74. Kg5 Rg1+ 75. Kh4 1-0

[Event "London Classic Superrapid"]
[Site "London ENG"]
[Date "2016.12.17"]
[Round "4.18"]
[White "Gallagher, Joseph G."]
[Black "Powierski, Emil"]
[Result "0-1"]
[WhiteTitle "GM"]
[WhiteElo "2433"]
[BlackElo "2317"]
[WhiteFideId "1303422"]
[BlackFideId "4656199"]
[EventDate "2016.12.17"]

1. e4 c6 2. d4 d5 3. Nc3 dxe4 4. Nxe4 Nd7 5. Nf3 Ngf6 6. Ng3 c5 7. dxc5 e6 8. c6
bxc6 9. Be2 c5 10. O-O Be7 11. c4 O-O 12. Bd2 Bb7 13. Qc2 Qc7 14. Bc3 Rfd8 15.
Rfe1 Nf8 16. h4 h6 17. h5 N6d7 18. Ne4 Bxe4 19. Qxe4 Nf6 20. Qc2 N6d7 21. Qa4
Bf6 22. Rac1 Bxc3 23. Rxc3 Nf6 24. Re3 Ng4 25. Rb3 Nd7 26. Qa6 Rab8 27. g3 Ndf6
28. Bf1 Nxh5 29. Bg2 Rxb3 30. axb3 Nxf2 31. Kxf2 Qxg3+ 32. Kf1 Nf4 33. Bh1 Nh3 0-1

[Event "London Classic Superrapid"]
[Site "London ENG"]
[Date "2016.12.17"]
[Round "4.19"]
[White "Turner, Matthew J"]
[Black "Richardson, John R"]
[Result "1-0"]
[WhiteTitle "GM"]
[BlackTitle "FM"]
[WhiteElo "2523"]
[BlackElo "2248"]
[WhiteFideId "402893"]
[BlackFideId "401617"]
[EventDate "2016.12.17"]

1. d4 Nf6 2. Nf3 e6 3. g3 b6 4. c4 Ba6 5. b3 d5 6. Bg2 Bb4+ 7. Bd2 Be7 8. O-O
O-O 9. cxd5 exd5 10. Ne5 Bd6 11. Bg5 c6 12. Nc3 Bb7 13. e4 h6 14. Bxf6 Qxf6 15.
exd5 Bxe5 16. Ne4 Qe7 17. dxe5 cxd5 18. Nd6 Bc6 19. Re1 Qe6 20. Rc1 a5 21. f4 g6
22. f5 gxf5 23. Bh3 Qe7 24. Nxf5 Qg5 25. Nd4 Bd7 26. e6 fxe6 27. Bxe6+ Kh8 28.
Rc7 Be8 29. Rc8 Qf6 30. Rf1 Qe7 31. Rxf8+ Qxf8 32. Qf3 Kg7 33. Nf5+ Kh7 34. Rc4 1-0

[Event "London Classic Superrapid"]
[Site "London ENG"]
[Date "2016.12.17"]
[Round "4.20"]
[White "Bossard, Arnaud"]
[Black "Hebden, Mark L"]
[Result "1-0"]
[BlackTitle "GM"]
[WhiteElo "2224"]
[BlackElo "2492"]
[WhiteFideId "609242"]
[BlackFideId "400084"]
[EventDate "2016.12.17"]

1. e4 e5 2. Nf3 Nc6 3. Bc4 Nf6 4. d3 Be7 5. c3 O-O 6. Bb3 d6 7. Qe2 Na5 8. Bc2
c5 9. Nbd2 Re8 10. h3 Bf8 11. Nf1 d5 12. Ng3 b5 13. O-O Bb7 14. Nf5 c4 15. Nh2
cxd3 16. Bxd3 Nc4 17. Ng4 dxe4 18. Bxc4 bxc4 19. Bg5 Re6 20. Rad1 Qb6 21. Nxf6+
Rxf6 22. Bxf6 Qxf6 23. Ne3 Rc8 24. Rd7 Bc6 25. Rxa7 Bb5 26. Qg4 Rd8 27. Rd1 Rd3
28. Qxe4 Qd6 29. Rxd3 cxd3 30. Qb7 Be8 31. Qc8 Qc5 32. Ra8 Bc6 33. b4 Qd6 34.
Nf5 Bxa8 35. Nxd6 d2 36. Qg4 1-0

[Event "London Classic Superrapid"]
[Site "London ENG"]
[Date "2016.12.17"]
[Round "4.21"]
[White "Blomqvist, Erik"]
[Black "Abrahams, Daniel"]
[Result "1-0"]
[WhiteTitle "GM"]
[WhiteElo "2567"]
[BlackElo "2071"]
[WhiteFideId "1709437"]
[BlackFideId "2606879"]
[EventDate "2016.12.17"]

1. Nf3 e6 2. g3 b6 3. Bg2 Bb7 4. O-O c5 5. c4 Nf6 6. Nc3 d6 7. Re1 Nbd7 8. e4
Be7 9. d4 cxd4 10. Nxd4 Qc7 11. b3 a6 12. Bb2 O-O 13. Qe2 Rac8 14. Rad1 Rfe8 15.
Nc2 h5 16. h3 Nf8 17. Ne3 Ng6 18. h4 Ne5 19. Rd2 Qb8 20. Red1 Red8 21. Ba3 b5
22. Rd4 Nc6 23. Bb2 Nxd4 24. Rxd4 bxc4 25. Nxc4 Bc6 26. Ne3 Qb7 27. Qd3 Ng4 28.
Nxg4 hxg4 29. Qe2 Bf6 30. Rc4 Qd7 31. Na4 Bxb2 32. Nb6 Qe8 33. Nxc8 Bb5 34. Nb6
Bf6 35. Qxg4 Bxc4 36. Nxc4 d5 37. exd5 exd5 38. Ne3 d4 39. Nd5 Qe6 40. Qf3 Be5
41. Nb4 g6 42. Bf1 a5 43. Nc6 Rc8 44. Nxa5 Rc3 45. Qe4 Rc1 46. Kg2 Qf6 47. Bd3
Ra1 48. Qa8+ Kg7 49. Nc4 Bc7 50. a4 Ra2 51. Qf3 Qe7 52. h5 Qg5 53. hxg6 fxg6 54.
Bb1 Ra1 55. Qe4 Kh6 56. Qxd4 Qd8 57. Qxa1 Qd5+ 58. f3 1-0

[Event "London Classic Superrapid"]
[Site "London ENG"]
[Date "2016.12.17"]
[Round "4.22"]
[White "Nandhidhaa, PV"]
[Black "Williams, Simon K"]
[Result "0-1"]
[WhiteTitle "WIM"]
[BlackTitle "GM"]
[WhiteElo "2251"]
[BlackElo "2443"]
[WhiteFideId "5050847"]
[BlackFideId "404454"]
[EventDate "2016.12.17"]

1. e4 g6 2. d4 Bg7 3. Nc3 d6 4. Nf3 a6 5. a4 b6 6. Bd3 e6 7. O-O Ne7 8. Be3 h6
9. Qd2 Bb7 10. Rfe1 Nd7 11. Bf4 g5 12. Bg3 Ng6 13. h3 O-O 14. d5 Qe7 15. Bc4 Kh8
16. Nd4 Nde5 17. Bb3 Bc8 18. Rad1 Qf6 19. Qe2 Nf4 20. Qe3 Bd7 21. Nce2 Neg6 22.
c3 Rae8 23. Bxf4 gxf4 24. Qf3 e5 25. Nf5 Bxf5 26. exf5 Qxf5 27. Ng3 Qd7 28. Nh5
f5 29. Qd3 a5 30. Qd2 Qd8 31. f3 Rg8 32. Bc2 Nh4 33. Nxf4 exf4 34. Qxf4 Qg5 35.
Qxg5 hxg5 36. Re6 Be5 37. Kf2 Rxe6 38. dxe6 f4 39. Ke1 0-1

[Event "London Classic Superrapid"]
[Site "London ENG"]
[Date "2016.12.17"]
[Round "4.23"]
[White "Duncan, Chris R"]
[Black "Melkumyan, Hrant"]
[Result "0-1"]
[WhiteTitle "FM"]
[BlackTitle "GM"]
[WhiteElo "2245"]
[BlackElo "2633"]
[WhiteFideId "403091"]
[BlackFideId "13302485"]
[EventDate "2016.12.17"]

1. Nf3 c5 2. c4 g6 3. d4 cxd4 4. Nxd4 Nc6 5. e4 Nf6 6. Nc3 d6 7. Be2 Nxd4 8.
Qxd4 Bg7 9. Bg5 O-O 10. Qd2 a5 11. Rc1 a4 12. O-O Qa5 13. Rfd1 Be6 14. f3 Rfc8
15. Nb5 Qxd2 16. Rxd2 Kf8 17. Be3 Nd7 18. Kf2 Nc5 19. Bf1 Ra5 20. Nd4 Bd7 21.
Rdd1 h5 22. g3 Ra6 23. Rd2 Bf6 24. Rcd1 Kg7 25. Rc1 Ra5 26. Rdd1 g5 27. b4 axb3
28. axb3 Ra2+ 29. Kg1 Kg6 30. Rb1 Ra3 31. Nc2 Rxb3 32. Bxc5 Rxb1 33. Rxb1 dxc5
34. Rxb7 Ba4 35. Bd3 Rd8 36. Ne1 Bc3 37. e5+ Kg7 38. Bc2 Bxc2 39. Nxc2 Rd1+ 40.
Kf2 Rd2+ 41. Ke3 Rxc2 42. Kd3 Rc1 43. Rxe7 Bd4 44. e6 Kf6 45. Rxf7+ Kxe6 46. Rh7
Rc3+ 47. Kd2 Rxf3 48. Rxh5 Kf5 49. Rh7 Ke4 50. Re7+ Be5 51. Ke2 Rb3 52. Kf2 Rb2+
53. Kf1 g4 54. Re8 Rxh2 0-1

[Event "London Classic Superrapid"]
[Site "London ENG"]
[Date "2016.12.17"]
[Round "4.24"]
[White "Lenderman, Aleksandr"]
[Black "Haria, Ravi"]
[Result "1/2-1/2"]
[WhiteTitle "GM"]
[BlackTitle "FM"]
[WhiteElo "2581"]
[BlackElo "2382"]
[WhiteFideId "2021285"]
[BlackFideId "415820"]
[EventDate "2016.12.17"]

1. d4 e6 2. Nf3 Nf6 3. c4 d5 4. g3 Be7 5. Bg2 O-O 6. O-O dxc4 7. Ne5 c5 8. dxc5
Qc7 9. Nxc4 Rd8 10. Qc2 Nc6 11. Nc3 Nd4 12. Qb1 Qxc5 13. Nd2 e5 14. e3 Nc6 15.
Nb3 Qb6 16. Bd2 Be6 17. Na4 Qb5 18. Nc3 Qa6 19. Rd1 Bc4 20. Ne4 Bd3 21. Nxf6+
gxf6 22. Qc1 Rac8 23. Bc3 Nb4 24. Rd2 Nd5 25. Bxd5 Rxd5 26. Qd1 Rcd8 27. Qf3 Qe6
28. e4 R5d7 29. Rad1 Bc4 30. Rxd7 Rxd7 31. Rxd7 Qxd7 32. Nd2 Be6 33. Nf1 Bg4 34.
Qe3 b6 35. Qd2 Qa4 36. Qe1 Qxa2 37. Ne3 Be6 38. Qd1 Qb3 39. Qf3 a5 40. Nd5 Bxd5
41. Qg4+ Kf8 42. Qc8+ Kg7 43. Qg4+ Kf8 44. Qc8+ Kg7 45. Qg4+ 1/2-1/2

[Event "London Classic Superrapid"]
[Site "London ENG"]
[Date "2016.12.17"]
[Round "5.1"]
[White "Bacrot, Etienne"]
[Black "Ehlvest, Jaan"]
[Result "1/2-1/2"]
[WhiteTitle "GM"]
[BlackTitle "GM"]
[WhiteElo "2689"]
[BlackElo "2532"]
[WhiteFideId "605506"]
[BlackFideId "4500016"]
[EventDate "2016.12.17"]

1. e4 c5 2. Nf3 Nc6 3. Nc3 e6 4. d4 cxd4 5. Nxd4 a6 6. Nxc6 bxc6 7. Bd3 Qc7 8.
O-O Nf6 9. Qf3 Bd6 10. Qh3 e5 11. Qg3 Nh5 12. Qg4 g6 13. Bc4 O-O 14. Bh6 Re8 15.
Qf3 Nf4 16. Rad1 Bf8 17. Bxf8 Rxf8 18. g3 Nh3+ 19. Kh1 Kg7 20. Qd3 f5 21. Qd6
Qxd6 22. Rxd6 Rf6 23. Rxf6 Kxf6 24. f4 exf4 25. gxf4 fxe4 26. Nxe4+ Ke7 27. Bd3
d5 28. Ng3 Bg4 29. Be2 Bd7 30. f5 g5 31. Nh5 Be8 32. f6+ Kf8 33. f7 Bxf7 34. Kg2
Nf4+ 35. Nxf4 gxf4 36. Rxf4 Kg7 37. Bd3 Bg6 38. Ra4 Bxd3 39. cxd3 Kf6 40. Kf3
Ke5 41. Rh4 Ra7 42. d4+ Kf5 43. Rh6 Rc7 44. h4 a5 45. Ke3 Rb7 46. b3 a4 47. bxa4
Ra7 48. Rh5+ Kf6 49. a5 Rxa5 50. Rxh7 Rxa2 51. Rh6+ Kf5 1/2-1/2

[Event "London Classic Superrapid"]
[Site "London ENG"]
[Date "2016.12.17"]
[Round "5.2"]
[White "Howell, David W L"]
[Black "Hovhannisyan, Robert"]
[Result "1-0"]
[WhiteTitle "GM"]
[BlackTitle "GM"]
[WhiteElo "2644"]
[BlackElo "2630"]
[WhiteFideId "410608"]
[BlackFideId "13302507"]
[EventDate "2016.12.17"]

1. Nf3 d5 2. c4 c6 3. g3 Bg4 4. Bg2 e6 5. cxd5 exd5 6. h3 Bxf3 7. Bxf3 Nd7 8. d3
Ngf6 9. Bg2 Bd6 10. O-O Qe7 11. Nc3 h5 12. e4 dxe4 13. dxe4 O-O-O 14. Qe2 h4 15.
g4 Nh7 16. f4 g5 17. e5 Bc7 18. Kh1 gxf4 19. Bxf4 Nxe5 20. Rae1 f6 21. Qc2 Ng5
22. Ne4 Nxe4 23. Rxe4 Rhe8 24. b4 Qd7 25. a4 Nd3 26. Rxe8 Rxe8 27. Bxc7 Kxc7 28.
Qc3 Re6 29. b5 c5 30. Qc4 Qd6 31. a5 Re1 32. Rxe1 Nxe1 33. Qf7+ Kd8 34. Be4 Qe7
35. Qd5+ Ke8 36. Kg1 Nf3+ 37. Bxf3 Qe1+ 38. Kg2 Qg3+ 39. Kf1 Qxh3+ 40. Ke2 Qh2+
41. Kd3 c4+ 42. Qxc4 Qd6+ 43. Kc2 Qa3 44. Qe6+ Kd8 45. Qxf6+ Kd7 46. Qf7+ Kd8
47. Qd5+ Ke8 48. Qe4+ Kf8 49. Qf4+ Ke8 50. Qb8+ Ke7 51. Qxb7+ Kf6 52. Qc6+ Kg5
53. Qc3 Qa4+ 54. Qb3 Qxa5 55. Qe3+ Kg6 56. Qe6+ Kg7 57. Qe7+ Kh6 58. g5+ Kg6 59.
Qf6+ Kh7 60. Qf7+ Kh8 61. Qf8+ 1-0

[Event "London Classic Superrapid"]
[Site "London ENG"]
[Date "2016.12.17"]
[Round "5.3"]
[White "Moussard, Jules"]
[Black "Iturrizaga Bonelli, Eduardo"]
[Result "0-1"]
[WhiteTitle "GM"]
[BlackTitle "GM"]
[WhiteElo "2571"]
[BlackElo "2652"]
[WhiteFideId "642908"]
[BlackFideId "3901211"]
[EventDate "2016.12.17"]

1. Nf3 c5 2. b3 b6 3. g3 Bb7 4. Bg2 Nf6 5. O-O g6 6. c4 Bg7 7. Bb2 O-O 8. d4 Na6
9. d5 e6 10. dxe6 dxe6 11. Be5 Ne4 12. Na3 Nb4 13. Qc1 Bxe5 14. Nxe5 Qd4 15. Nf3
Qf6 16. Qh6 Nc3 17. Qe3 Bxf3 18. Bxf3 Rad8 19. h4 a6 20. h5 Rd6 21. hxg6 hxg6
22. Kg2 Rfd8 23. Rfc1 Nbxa2 24. Rc2 Nd1 25. Rxd1 Rxd1 26. Rxa2 Qh8 27. g4 Rh1
28. Bc6 Rh2+ 0-1

[Event "London Classic Superrapid"]
[Site "London ENG"]
[Date "2016.12.17"]
[Round "5.4"]
[White "Istratescu, Andrei"]
[Black "Svane, Rasmus"]
[Result "1-0"]
[WhiteTitle "GM"]
[BlackTitle "GM"]
[WhiteElo "2596"]
[BlackElo "2555"]
[WhiteFideId "1200372"]
[BlackFideId "4657101"]
[EventDate "2016.12.17"]

1. d4 Nf6 2. c4 e6 3. Nf3 d5 4. g3 Bb4+ 5. Bd2 Be7 6. Bg2 O-O 7. O-O c6 8. Qc2
Nbd7 9. Bg5 b6 10. Nbd2 Bb7 11. cxd5 cxd5 12. Rfc1 Rc8 13. Qa4 a6 14. e3 h6 15.
Bxf6 Nxf6 16. Ne5 Bd6 17. f4 Rc7 18. Bf1 Qc8 19. Qd1 Qb8 20. Rxc7 Bxc7 21. Rc1
Rc8 22. Nc6 Bxc6 23. Rxc6 Bd6 24. Rxc8+ Qxc8 25. a3 a5 26. Bd3 Qc6 27. h3 g6 28.
Kf2 Kg7 29. Qc2 Qxc2 30. Bxc2 Ne8 31. Ba4 Nf6 32. Kf3 Kf8 33. Bb5 Ke7 34. Bd3
Ne8 35. Nb1 f5 36. Nc3 h5 37. g4 hxg4+ 38. hxg4 Nf6 39. g5 Ne8 40. Ke2 Bc7 41.
Nb5 Bd8 42. Kd2 Kd7 43. Kc2 Bc7 44. Be2 Bb8 45. Kb3 Kc6 46. Ka4 Kd7 47. Bd3 Ke7
48. Nc3 Nd6 49. Ne2 Bc7 50. Ng1 Kf7 51. Nf3 Kf8 52. Ne5 Kg7 53. Bb5 Nf7 54. Bd7
Nxe5 55. dxe5 Kf7 56. Kb5 Ke7 57. Bc8 Kf7 58. Kc6 Bd8 59. Ba6 Ke7 60. b4 axb4
61. axb4 Kf7 62. b5 Ke7 63. Bb7 Kf7 64. Bc8 Ke7 65. Kb7 Kf7 66. Bd7 Be7 67. Kxb6
Bb4 68. Ka6 Ke7 69. b6 Kxd7 70. b7 Kc7 71. Ka7 Bc5+ 72. Ka8 1-0